000
00248nam a2200109 a 4500
008
101213s1974|||| d
245
1
0
_a
Piesne pre najmenších
044
_a
xo
_c
SK
041
_a
slo
260
_b
SPN
_a
Bratislava
_c
1974
020
_c
25
999
_c
15204
_d
15204